Výber z diela v 4 sväzkoch (Record no. 21390)
[ view plain ]
| 000 -LEADER | |
|---|---|
| fixed length control field | 00673nam a2200241 a 4500 |
| 001 - CONTROL NUMBER | |
| control field | 21390 |
| 003 - CONTROL NUMBER IDENTIFIER | |
| control field | VRT |
| 005 - DATE AND TIME OF LATEST TRANSACTION | |
| control field | 20260228132625.0 |
| 008 - FIXED-LENGTH DATA ELEMENTS--GENERAL INFORMATION | |
| fixed length control field | 110323s1953 xo g 000 1 slo d |
| 035 ## - SYSTEM CONTROL NUMBER | |
| System control number | a000440962 |
| 039 #9 - LEVEL OF BIBLIOGRAPHIC CONTROL AND CODING DETAIL [OBSOLETE] | |
| Level of rules in bibliographic description | 201109121324 |
| Level of effort used to assign nonsubject heading access points | gluc |
| 040 ## - CATALOGING SOURCE | |
| Original cataloging agency | UKB |
| Language of cataloging | slo |
| Transcribing agency | UKB |
| Description conventions | AACR2 |
| 041 0# - LANGUAGE CODE | |
| Language code of text/sound track or separate title | slo |
| 044 ## - COUNTRY OF PUBLISHING/PRODUCING ENTITY CODE | |
| MARC country code | xo |
| ISO country code | SK |
| 100 1# - MAIN ENTRY--PERSONAL NAME | |
| Personal name | Záborský, Jonáš, |
| Dates associated with a name | 1812-1876 |
| 245 10 - TITLE STATEMENT | |
| Title | Výber z diela v 4 sväzkoch |
| Remainder of title | Výber z diela |
| Number of part/section of a work | II |
| Statement of responsibility, etc. | Jonáš Záborský |
| 250 ## - EDITION STATEMENT | |
| Edition statement | 1. vyd. |
| 260 ## - PUBLICATION, DISTRIBUTION, ETC. | |
| Place of publication, distribution, etc. | Bratislava |
| Name of publisher, distributor, etc. | Slovenské vydavateľstvo krásnej literatúry |
| Date of publication, distribution, etc. | 1953 |
| 300 ## - PHYSICAL DESCRIPTION | |
| Extent | 351 s. |
| 910 ## - USER-OPTION DATA (OCLC) | |
| User-option data | ukb |
| 942 ## - ADDED ENTRY ELEMENTS (KOHA) | |
| Source of classification or shelving scheme | Dewey Decimal Classification |
| Koha item type | Krásna literatúra pre dospelých |
| Suppress in OPAC | No |
| 949 ## - LOCAL PROCESSING INFORMATION (OCLC) | |
| 6 | 1800496302 |
| a | S.D.03744 |
| b | PV.2293-53 |
| Stav vyradenia | Strata | Poškodenie | Spôsob nadobudnutia | Domovská knižnica | Aktuálna knižnica | Dátum nadobudnutia | Total checkouts | Čiarový kód exemplára | Date last seen | Typ exemplára | Verejná poznámka |
|---|---|---|---|---|---|---|---|---|---|---|---|
| Dar | Obecná knižnica Horná Štubňa | Obecná knižnica Horná Štubňa | 28.02.2026 | 4736201573 | 28.02.2026 | Krásna literatúra pre dospelých | výber z diela II. |
